000 00592nam a2200229Ia 4500
003 OSt
005 20220924113115.0
006 a|||||r|||| 00| 0
007 ta
008 220923b |||||||| |||| 00| 0 eng d
024 _a59617
037 _cDictionary
040 _aARTS
_cARTS
_beng
041 _2eng
_aeng
082 _aP654:4K, 111J8 (906)
100 _aAbraham R C ed
_9169485
245 0 _aDictonary of modern Yoruba
260 _c1958
650 _aLINGUISTICS
942 _hP654:4K, 111J8 (906)
_cdic
_2cc
999 _c389257
_d389257